NMIXX - Membres par photo - Statistiques

Statistiques générales
  • Ce quiz a été pris 52 fois
  • Le résultat moyen est 5 sur 6
Statistiques - réponses
Par images Réponse % Correct
Lily
100%
Bae
93%
Sullyoon
93%
Haewon
89%
Jiwoo
84%
Kyujin
84%
Aucun quiz correspondant
Distribution des résultats
% des personnes avec chaque résultat
Percentile par nombre de réponses
Votre historique - résultats
Vous n’avez pas pris ce quiz